|
|
|
|
| LEADER |
01695nas a2200421 a 4500 |
| 001 |
000578281 |
| 003 |
CZ BrMZK |
| 005 |
20040329105001.0 |
| 007 |
ta |
| 008 |
011114c20009999xr uu p cze d |
| 015 |
|
|
|a cnb001033168
|
| 020 |
|
|
|a 80-85918-87-0
|q (2003)
|
| 035 |
|
|
|a (OCoLC)50345882
|
| 040 |
|
|
|a BOA001
|b cze
|
| 041 |
0 |
|
|a cze
|a eng
|
| 043 |
|
|
|a e-xr---
|b e-xr-pg
|2 czenas
|
| 080 |
|
|
|a 001.891
|2 MRF
|
| 080 |
|
|
|a 338.45
|2 MRF
|
| 080 |
|
|
|a (437.3)
|2 MRF
|
| 080 |
|
|
|a (062.534)
|2 MRF
|
| 245 |
0 |
0 |
|a Možnosti využití výsledků výzkumu a vývoje v českém průmyslu :
|b soubor referátů z ... pracovního semináře k řešení grantového projektu GA ČR
|
| 250 |
|
|
|a Vyd. 1.
|
| 260 |
|
|
|a Ostrava :
|b Repronis,
|c 2000-
|
| 300 |
|
|
|a ^^^sv. ;
|c 21 cm
|
| 310 |
|
|
|a Periodicita není zjištěna
|
| 500 |
|
|
|a Část. anglický text
|
| 500 |
|
|
|a Vydavatel: Inženýrská akademie České republiky.- 0Od r. 2003 vyd.: Ústav termomechaniky AV ČR, Praha
|
| 541 |
|
|
|c pv-r
|
| 650 |
0 |
7 |
|a průmysl
|7 ph115920
|z Česko
|2 czenas
|
| 650 |
0 |
7 |
|a vědecký výzkum
|7 ph116680
|2 czenas
|
| 655 |
|
7 |
|a sborníky konferencí
|7 fd133333
|2 czenas
|
| 710 |
2 |
|
|a Inženýrská akademie České republiky
|7 kn20020321628
|
| 910 |
|
|
|a BOA001
|b 2-1093.677
|r 2001-
|s 2-
|
| 952 |
|
|
|a e-xr-mo
|
| 990 |
|
|
|a SE
|
| 996 |
6 |
|
|b 2610147095
|c 2-1093.677
|d 2001 2
|v 2
|y 2001
|l MZK
|r Sklad / do 1 hodiny
|n 6
|p p.v.
|w 000578281
|u 000010
|a 1
|e BOA001
|j MZK50
|s P
|
| 996 |
6 |
|
|b 2610168277
|c 2-1093.677
|d 2001 3
|v 3
|y 2001
|l MZK
|r Sklad / do 1 hodiny
|n 6
|p p.v.
|w 000578281
|u 000020
|a 1
|e BOA001
|j MZK50
|s P
|
| 996 |
6 |
|
|b 2610214408
|c 2-1093.677
|d 2003 4
|v 4
|y 2003
|l MZK
|r Sklad / do 1 hodiny
|n 4
|p p.v.
|w 000578281
|u 000030
|a 1
|e BOA001
|j MZK50
|s P
|